Statistiques concernant Présidentielle 2007

Cliquez ici pour prendre le quiz!

Statistiques générales

  • Ce quiz a été pris 81 fois
  • Le résultat moyen est 7 sur 12

Statistiques - réponses

#Candidat(e)Score% Correct
1Nicolas Sarkozy31,18 %53,06 %
100%
2Ségolène Royal25,87 %46,94 %
99%
4Jean-Marie Le Pen10,44 %
97%
3François Bayrou18,57 %
90%
5Olivier Besancenot4,08 %
69%
9Arlette Laguiller1,33 %
64%
7Marie-George Buffet1,93 %
44%
6Philippe de Villiers2,23 %
41%
8Dominique Voynet1,57 %
37%
12Gérard Schivardi0,34 %
31%
10José Bové1,32 %
27%
11Frédéric Nihous1,15 %
26%

Distribution des résultats

Percentile par nombre de réponses

% des personnes avec chaque résultat

Votre développement - résultats

Vous n’avez pas pris ce quiz